00790nam a22002177a 4500008004100000020001500041040001800056041000800074060001800082100003400100245015100134260006800285300001800353490008300371650002300454650002100477650001300498650002200511650002200533650001700555130821s2000 sp gr spa  a8480130423 aCo-BoUCMbspa00aspa aQT 260bG983v aGutiRrez Sanmartín, Melchor00aValores sociales y deportebLa actividad Física y el deporte como transmisores de valores sociales y personalescMelchor Gutiérrez Sanmartín aMadrid (España)b[Editorial desconocida]c[fecha desconocida] a267 páginas a[Colección Monografías sobre ciencias de la actividad fisica y el deporte]04aActividad física04aBienestar social04aDeportes04aDesarrollo social04aÉtica deportiva04aSociología